[Event "POL-chT3 Kujawsko-Pomorskie 2223"]
[Site "Poland"]
[Date "2023.??.??"]
[Round "6.36"]
[White "Kadukowski, Pawel"]
[Black "Stryz, Przemyslaw"]
[Result "1-0"]
[WhiteElo "1733"]
[BlackElo "1527"]
[PlyCount "109"]
[EventDate "2022.11.13"]
[EventType "team-swiss"]
[EventRounds "7"]
[EventCountry "POL"]
[SourceTitle "EXT 2024"]
[Source "ChessBase"]
[SourceDate "2023.10.10"]
[SourceVersion "1"]
[SourceVersionDate "2023.10.10"]
[SourceQuality "1"]

1. Nf3 d5 2. d4 Nf6 3. c4 e6 4. Nc3 Be7 5. Bg5 b6 6. cxd5 exd5 7. e3 0-0 8. h3 Bb7 9. Be2 Ne4 10. Bxe7 Qxe7 11. 0-0 Nd7 12. Rc1 c5 13. Nd2 Nxc3 14. Rxc3 c4 15. e4 b5 16. exd5 Bxd5 17. Bf3 Nb6 18. Re1 Bxf3 19. Rxf3 Qb4 20. Qc2 Rfe8 21. Rfe3 Rxe3 22. fxe3 Re8 23. a3 Qe7 24. Nf3 Qe4 25. Qxe4 Rxe4 26. Kf2 f6 27. Re2 Kf7 28. Nd2 Re7 29. e4 Na4 30. Nb1 f5 31. e5 Ke6 32. Nc3 Nxc3 33. bxc3 g5 34. a4 a6 35. axb5 axb5 36. Ra2 g4 37. hxg4 fxg4 38. Ra6+ Kf5 39. Ke3 Re6 40. Ra8 Rb6 41. Rf8+ Kg6 42. d5 Kg7 43. Rc8 Kf7 44. Rc7+ Ke8 45. Rxh7 b4 46. cxb4 Rxb4 47. Kd4 Rb2 48. Kxc4 Rc2+ 49. Kd4 Rxg2 50. e6 g3 51. Ke5 Rf2 52. Rg7 g2 53. Kd6 Kf8 54. Rg3 Re2 55. Kd7 1-0

[Event "POL-chT3 Kujawsko-Pomorskie 2223"]
[Site "Poland"]
[Date "2022.??.??"]
[Round "1.46"]
[White "Grzenkowicz, Przemyslaw"]
[Black "Kadukowski, Pawel"]
[Result "0-1"]
[WhiteElo "1802"]
[BlackElo "1733"]
[PlyCount "54"]
[EventDate "2022.11.13"]
[EventType "team-swiss"]
[EventRounds "7"]
[EventCountry "POL"]
[SourceTitle "EXT 2024"]
[Source "ChessBase"]
[SourceDate "2023.10.10"]
[SourceVersion "1"]
[SourceVersionDate "2023.10.10"]
[SourceQuality "1"]

1. d4 Nf6 2. Nf3 g6 3. h3 Bg7 4. Bf4 c5 5. c3 cxd4 6. cxd4 Qb6 7. Qb3 Qxb3 8. axb3 Nc6 9. e3 Nd5 10. Bg3 Ndb4 11. Na3 0-0 12. Be2 d6 13. 0-0 Bf5 14. Nh4 Bd3 15. Bxd3 Nxd3 16. Rfd1 Ndb4 17. Nf3 Rac8 18. Rac1 Na5 19. Rc3 Nd5 20. Rcd3 Nf6 21. Nd2 d5 22. f3 Bh6 23. Kf2 a6 24. Rc3 Nc6 25. Rdc1 Nd7 26. b4 Nb6 27. Nc2 Nc4 0-1

[Event "POL-chT3 Kujawsko Pomorskie 1617"]
[Site "Poland"]
[Date "2017.??.??"]
[Round "6.8"]
[White "Kadukowski, Pawel"]
[Black "Bieluszewski, Lukasz"]
[Result "0-1"]
[WhiteElo "1779"]
[BlackElo "1653"]
[PlyCount "104"]
[EventDate "2016.11.06"]
[EventType "team-tourn"]
[EventRounds "9"]
[EventCountry "POL"]
[SourceTitle "EXT 2018"]
[Source "ChessBase"]
[SourceDate "2017.10.13"]
[SourceVersion "1"]
[SourceVersionDate "2017.10.13"]
[SourceQuality "1"]

1. Nf3 d5 2. d4 Nf6 3. c4 e6 4. g3 c5 5. Bg2 Nc6 6. 0-0 Be7 7. Nc3 0-0 8. cxd5 exd5 9. dxc5 Bxc5 10. Bg5 Be6 11. e4 Be7 12. e5 Ng4 13. Bxe7 Nxe7 14. h3 Nh6 15. Nd4 a6 16. a4 Rc8 17. Qd2 Nhf5 18. Nxd5 Nxd4 19. Nxe7+ Qxe7 20. Qxd4 Rfd8 21. Qb6 Bd5 22. Rad1 Bxg2 23. Kxg2 Re8 24. Rfe1 Rc6 25. Qd4 Re6 26. Re3 h5 27. Rde1 Qc7 28. Qc3 Qd7 29. Qb3 Qc6+ 30. Kh2 Qc5 31. Qc3 Qb6 32. a5 Qb5 33. b4 Rc6 34. Qb3 Ree6 35. Re4 g6 36. Qd1 Rc8 37. Qd4 Qc6 38. Qe3 Kg7 39. Rd1 Qc2 40. Rd6 Rc3 41. Qf4 Qb3 42. Red4 Rf3 43. Qd2 Rxe5 44. Rd3 Rxd3 45. Rxd3 Qe6 46. Rd7 h4 47. gxh4 Re2 48. Qd4+ Kh7 49. Rd8 Re5 50. f4 Re2+ 51. Kg3 Qb3+ 52. Qd3 Re3+ 0-1

[Event "POL-chT3 Kujawsko Pomorskie 1516"]
[Site "Poland"]
[Date "2016.04.03"]
[Round "9"]
[White "Darowicki, Mariusz"]
[Black "Kadukowski, Pawel"]
[Result "1-0"]
[WhiteElo "1830"]
[BlackElo "1809"]
[PlyCount "74"]
[EventDate "2015.11.08"]
[EventType "team-tourn"]
[EventRounds "9"]
[EventCountry "POL"]
[SourceTitle "EXT 2019"]
[Source "ChessBase"]
[SourceDate "2018.10.10"]
[SourceVersion "1"]
[SourceVersionDate "2018.10.10"]
[SourceQuality "1"]

1. e4 e6 2. Qe2 Be7 3. d4 d5 4. e5 c5 5. c3 Nc6 6. Qg4 g6 7. Nf3 h5 8. Qf4 cxd4 9. cxd4 Nh6 10. Nc3 g5 11. Nxg5 Bxg5 12. Qxg5 Qxg5 13. Bxg5 Nxd4 14. 0-0-0 Nhf5 15. Ne2 Nxe2+ 16. Bxe2 Ne7 17. Rd3 h4 18. Rh3 Ng6 19. Bf6 Rg8 20. Kd2 Bd7 21. Rb3 Bc6 22. Rc1 Rc8 23. Rb4 Kd7 24. Rg4 a6 25. a4 a5 26. b3 Rce8 27. Rc3 Rc8 28. Rh3 Rce8 29. Bf3 Ne7 30. Rhxh4 Rxg4 31. Rxg4 Rg8 32. Be2 Rxg4 33. Bxg4 Nf5 34. h4 b6 35. Be2 d4 36. g4 Ne7 37. Bg5 Ng8 1-0

[Event "POL-chT3 Kujawsko Pomorskie 1617"]
[Site "Poland"]
[Date "2016.??.??"]
[Round "2.12"]
[White "Cwik, Jakub"]
[Black "Kadukowski, Pawel"]
[Result "1-0"]
[WhiteElo "1831"]
[BlackElo "1788"]
[PlyCount "103"]
[EventDate "2016.11.06"]
[EventType "team-tourn"]
[EventRounds "9"]
[EventCountry "POL"]
[SourceTitle "EXT 2018"]
[Source "ChessBase"]
[SourceDate "2017.10.13"]
[SourceVersion "1"]
[SourceVersionDate "2017.10.13"]
[SourceQuality "1"]

1. b3 d5 2. Bb2 Nc6 3. e3 Nf6 4. Nf3 Bg4 5. Bb5 e6 6. h3 Bxf3 7. Bxc6+ bxc6 8. Qxf3 Be7 9. 0-0 0-0 10. Nc3 Nd7 11. Na4 Nb6 12. Nc3 f5 13. Ne2 Bf6 14. Bxf6 Qxf6 15. d4 Nd7 16. c4 Qe7 17. Rfc1 Nf6 18. Nf4 Ne4 19. Qe2 e5 20. dxe5 Qxe5 21. cxd5 cxd5 22. Qd3 Rfd8 23. Rc6 Rd7 24. Rac1 Re8 25. Qd4 Qxd4 26. exd4 Ree7 27. Nd3 g6 28. Ne5 Rd6 29. Rxc7 Rxc7 30. Rxc7 Ra6 31. f3 Ng5 32. a4 Ne6 33. Rc6 Rb6 34. Rxb6 axb6 35. Nc6 Kf7 36. Kf2 Ke8 37. Ke3 Kd7 38. Ne5+ Kd6 39. f4 Nd8 40. g4 Ke6 41. gxf5+ gxf5 42. b4 Nb7 43. Kf3 Nd6 44. Kg3 Nc4 45. Nxc4 dxc4 46. Kf3 Kd5 47. Ke3 c3 48. Kd3 c2 49. Kxc2 Kxd4 50. a5 bxa5 51. bxa5 Kc5 52. Kc3 1-0

[Event "POL-chT3 Kujawsko Pomorskie 1617"]
[Site "Poland"]
[Date "2016.??.??"]
[Round "1.8"]
[White "Tabaczka, Jerzy"]
[Black "Kadukowski, Pawel"]
[Result "0-1"]
[WhiteElo "1934"]
[BlackElo "1860"]
[PlyCount "65"]
[EventDate "2016.11.06"]
[EventType "team-tourn"]
[EventRounds "9"]
[EventCountry "POL"]
[SourceTitle "EXT 2018"]
[Source "ChessBase"]
[SourceDate "2017.10.13"]
[SourceVersion "1"]
[SourceVersionDate "2017.10.13"]
[SourceQuality "1"]

1. c4 Nf6 2. Nc3 d5 3. cxd5 Nxd5 4. Nxd5 Qxd5 5. Nf3 e5 6. d3 Bd6 7. g3 0-0 8. Bg2 c6 9. 0-0 Qe6 10. a3 Nd7 11. b4 Nf6 12. Bb2 Qe7 13. Qc2 Bf5 14. Nh4 Be6 15. e4 Nd7 16. d4 exd4 17. f4 f6 18. Bxd4 c5 19. Be3 cxb4 20. axb4 Rac8 21. Qf2 a6 22. Nf5 Bxf5 23. exf5 Rc7 24. b5 axb5 25. Rfe1 Bc5 26. Bd4 Bxd4 27. Rxe7 Bxf2+ 28. Kxf2 Rc2+ 29. Kg1 Nc5 30. Ra7 Rb8 31. h4 h6 32. Ra1 b4 33. Bf1 0-1

[Event "POL-chT3 Kujawsko Pomorskie 1516"]
[Site "Poland"]
[Date "2015.12.13"]
[Round "3"]
[White "Szalek, Jakub"]
[Black "Kadukowski, Pawel"]
[Result "0-1"]
[WhiteElo "1485"]
[BlackElo "1809"]
[PlyCount "70"]
[EventDate "2015.11.08"]
[EventType "team-tourn"]
[EventRounds "9"]
[EventCountry "POL"]
[SourceTitle "EXT 2019"]
[Source "ChessBase"]
[SourceDate "2018.10.10"]
[SourceVersion "1"]
[SourceVersionDate "2018.10.10"]
[SourceQuality "1"]

1. e4 e6 2. Nf3 d5 3. exd5 exd5 4. d4 Bd6 5. Bd3 Bg4 6. h3 Bh5 7. Be3 Nc6 8. 0-0 Nb4 9. Be2 Bg6 10. Na3 a6 11. c3 Nc6 12. Nc2 Nge7 13. b4 0-0 14. Bd3 Re8 15. Bg5 f6 16. Be3 Qd7 17. a4 Bxd3 18. Qxd3 Qf5 19. Qxf5 Nxf5 20. g3 Bxg3 21. Kg2 Bd6 22. Rg1 Nce7 23. h4 Ng6 24. Kh3 Re4 25. Rg4 Rxg4 26. Kxg4 Nge7 27. Rh1 Kf7 28. h5 c6 29. Nh4 Nxh4 30. Rxh4 Re8 31. f4 f5+ 32. Kf3 Ng8 33. Ne1 Nf6 34. Rh2 Rxe3+ 35. Kxe3 Ng4+ 0-1

[Event "POL-chT3 Kujawsko Pomorskie 0910"]
[Site "Poland"]
[Date "2010.04.26"]
[Round "10.15"]
[White "Kulczyk, Pawel"]
[Black "Kadukowski, Pawel"]
[Result "1-0"]
[WhiteElo "2086"]
[BlackElo "1842"]
[PlyCount "83"]
[EventDate "2009.11.08"]
[EventType "team-tourn"]
[EventRounds "11"]
[EventCountry "POL"]
[SourceTitle "EXT 2020"]
[Source "ChessBase"]
[SourceDate "2019.10.17"]
[SourceVersion "1"]
[SourceVersionDate "2019.10.17"]
[SourceQuality "1"]

1. d4 Nf6 2. Nf3 g6 3. c4 c5 4. dxc5 Qa5+ 5. Nc3 Bg7 6. Bd2 Qxc5 7. Rc1 0-0 8. e3 d6 9. b4 Qc7 10. Be2 b6 11. Nd5 Qd8 12. Bc3 Nbd7 13. 0-0 Bb7 14. Qb3 e6 15. Nxf6+ Nxf6 16. Rfd1 Ne4 17. Bxg7 Kxg7 18. c5 Bd5 19. Bc4 dxc5 20. Bxd5 exd5 21. Rxd5 Qf6 22. Rd7 Rfd8 23. Rc7 Nd2 24. Nxd2 Rxd2 25. Rxf7+ Qxf7 26. Qc3+ Kg8 27. Qxd2 cxb4 28. h3 a5 29. Rc6 Rb8 30. f3 b3 31. axb3 Qxb3 32. Qd4 Qb1+ 33. Kh2 Qf5 34. Rc7 Qf8 35. Qd7 Qh6 36. Qf7+ Kh8 37. Qf6+ Kg8 38. Qe6+ Kh8 39. g4 Qg5 40. f4 Qh6 41. g5 Qf8 42. Qd7 1-0

[Event "POL-chT3 Kujawsko Pomorskie 0910"]
[Site "Poland"]
[Date "2009.11.22"]
[Round "2.33"]
[White "Kadukowski, Pawel"]
[Black "Trepkowski, Piotr"]
[Result "1/2-1/2"]
[WhiteElo "1842"]
[BlackElo "1833"]
[PlyCount "85"]
[EventDate "2009.11.08"]
[EventType "team-tourn"]
[EventRounds "11"]
[EventCountry "POL"]
[SourceTitle "EXT 2020"]
[Source "ChessBase"]
[SourceDate "2019.10.17"]
[SourceVersion "1"]
[SourceVersionDate "2019.10.17"]
[SourceQuality "1"]

1. Nf3 Nf6 2. d4 e6 3. Bf4 Nc6 4. Nbd2 Nh5 5. Bg3 d5 6. e3 Nxg3 7. hxg3 Bd6 8. c3 f5 9. Nh4 Qg5 10. Rh3 e5 11. dxe5 Nxe5 12. f4 Qf6 13. fxe5 Bxe5 14. Qh5+ g6 15. Qh6 Bd7 16. Nhf3 Bd6 17. Qg5 Qg7 18. Qh6 Qxh6 19. Rxh6 Bxg3+ 20. Kd1 Bf2 21. Kc2 Bxe3 22. Re1 f4 23. Ng5 c5 24. Bd3 0-0-0 25. Nf7 c4 26. Bxg6 Rhf8 27. Rxh7 Rxf7 28. Rxf7 Rg8 29. Rh1 Rxg6 30. Rh8+ Kc7 31. Rhh7 Rxg2 32. Rxd7+ Kc6 33. Rc7+ Kb6 34. Rxb7+ Ka6 35. b4 Rxd2+ 36. Kb1 f3 37. Rbf7 Rd1+ 38. Kc2 Rd2+ 39. Kb1 Rd1+ 40. Kc2 Rd2+ 41. Kb1 f2 42. Rf6+ Kb5 43. Rhf7 1/2-1/2

[Event "Nakel district-ch"]
[Site "Szubin"]
[Date "2009.10.10"]
[Round "7"]
[White "Kadukowski, Pawel"]
[Black "Wisniewski, Szymon"]
[Result "1/2-1/2"]
[WhiteElo "1863"]
[BlackElo "1435"]
[PlyCount "34"]
[EventDate "2009.10.02"]
[EventType "swiss"]
[EventRounds "9"]
[EventCountry "POL"]
[SourceTitle "EXT 2018"]
[Source "ChessBase"]
[SourceDate "2017.10.13"]
[SourceVersion "1"]
[SourceVersionDate "2017.10.13"]
[SourceQuality "1"]

1. Nf3 Nf6 2. d4 g6 3. c4 Bg7 4. Nc3 0-0 5. e4 d6 6. Be2 e5 7. dxe5 dxe5 8. 0-0 Nc6 9. h3 Be6 10. Bg5 Qxd1 11. Raxd1 Rfd8 12. Nd5 Bxd5 13. cxd5 Ne7 14. Nxe5 Nxe4 15. Bxe7 Re8 16. d6 cxd6 17. Bxd6 Nxd6 1/2-1/2

[Event "Nakel district-ch"]
[Site "Szubin"]
[Date "2009.10.04"]
[Round "4"]
[White "Kadukowski, Pawel"]
[Black "Bultrowicz, Leszek"]
[Result "1-0"]
[WhiteElo "1863"]
[BlackElo "1713"]
[PlyCount "87"]
[EventDate "2009.10.02"]
[EventType "swiss"]
[EventRounds "9"]
[EventCountry "POL"]
[SourceTitle "EXT 2018"]
[Source "ChessBase"]
[SourceDate "2017.10.13"]
[SourceVersion "1"]
[SourceVersionDate "2017.10.13"]
[SourceQuality "1"]

1. Nf3 d5 2. d4 Nc6 3. c4 Nf6 4. Nc3 e6 5. Bf4 Bb4 6. a3 Bxc3+ 7. bxc3 Ne4 8. Qc2 0-0 9. e3 Ne7 10. Bd3 f5 11. Bg5 Nxg5 12. Nxg5 Ng6 13. f4 h6 14. Nf3 Nh4 15. Ne5 Rf6 16. 0-0 Ng6 17. cxd5 exd5 18. Nxg6 Rxg6 19. Bxf5 Bxf5 20. Qxf5 Qd6 21. e4 dxe4 22. Qxe4 c6 23. Rae1 Rf8 24. g3 Rgf6 25. Qe7 Qxe7 26. Rxe7 R6f7 27. Rfe1 Rxe7 28. Rxe7 Rf7 29. Rxf7 Kxf7 30. Kf2 Ke6 31. Ke3 Kd5 32. Kd3 b5 33. f5 h5 34. h3 a6 35. g4 h4 36. g5 Kd6 37. Ke4 a5 38. Kf4 Kd5 39. g6 Kc4 40. f6 Kxc3 41. fxg7 b4 42. axb4 axb4 43. g8Q Kxd4 44. Qb3 1-0

[Event "Nakel district-ch"]
[Site "Szubin"]
[Date "2009.10.03"]
[Round "2"]
[White "Kadukowski, Pawel"]
[Black "Lech, Piotr"]
[Result "1/2-1/2"]
[WhiteElo "1863"]
[BlackElo "1897"]
[PlyCount "32"]
[EventDate "2009.10.02"]
[EventType "swiss"]
[EventRounds "9"]
[EventCountry "POL"]
[SourceTitle "EXT 2018"]
[Source "ChessBase"]
[SourceDate "2017.10.13"]
[SourceVersion "1"]
[SourceVersionDate "2017.10.13"]
[SourceQuality "1"]

1. d4 d5 2. c4 e6 3. Nf3 Nf6 4. Nc3 c5 5. e3 Nc6 6. cxd5 Nxd5 7. Bb5 cxd4 8. Nxd4 Nxc3 9. bxc3 Bd7 10. Nxc6 bxc6 11. Bd3 Qa5 12. Bd2 Rb8 13. Qc2 Ba3 14. Rb1 Ke7 15. 0-0 h6 16. c4 Qh5 1/2-1/2

[Event "POL-chT4 Kujawsko Pomorskie 0809"]
[Site "Poland"]
[Date "2009.03.01"]
[Round "8.27"]
[White "Kadukowski, Pawel"]
[Black "Czaposki, Jacek"]
[Result "1-0"]
[WhiteElo "1878"]
[BlackElo "1716"]
[PlyCount "51"]
[EventDate "2008.11.09"]
[EventType "team-tourn"]
[EventRounds "9"]
[EventCountry "POL"]
[SourceTitle "EXT 2019"]
[Source "ChessBase"]
[SourceDate "2018.10.10"]
[SourceVersion "1"]
[SourceVersionDate "2018.10.10"]
[SourceQuality "1"]

1. Nf3 g6 2. d4 d5 3. c4 Nf6 4. Nc3 Bg7 5. cxd5 Nxd5 6. e4 Nxc3 7. bxc3 c5 8. Bb5+ Nd7 9. 0-0 Qa5 10. Qb3 0-0 11. Bg5 Re8 12. e5 b6 13. e6 fxe6 14. Qxe6+ Kh8 15. Bxd7 Bxd7 16. Qxd7 cxd4 17. cxd4 Rad8 18. Qe6 Rd6 19. Qb3 h6 20. Be3 Rf8 21. Rac1 Qf5 22. Qc2 Qg4 23. h3 Qh5 24. Qe4 e5 25. Nxe5 Kh7 26. Qg4 1-0

[Event "POL-chT4 Kujawsko Pomorskie 0809"]
[Site "Poland"]
[Date "2008.12.21"]
[Round "4.20"]
[White "Kadukowski, Pawel"]
[Black "Gorniewicz, Oskar"]
[Result "0-1"]
[WhiteElo "1878"]
[BlackElo "1816"]
[PlyCount "122"]
[EventDate "2008.11.09"]
[EventType "team-tourn"]
[EventRounds "9"]
[EventCountry "POL"]
[SourceTitle "EXT 2019"]
[Source "ChessBase"]
[SourceDate "2018.10.10"]
[SourceVersion "1"]
[SourceVersionDate "2018.10.10"]
[SourceQuality "1"]

1. d4 Nf6 2. Nf3 g6 3. c4 Bg7 4. Nc3 d6 5. e4 0-0 6. Be2 Nbd7 7. 0-0 e5 8. d5 a5 9. Qc2 Nc5 10. Be3 b6 11. Nd2 Nfd7 12. a3 a4 13. Bg4 Qh4 14. f3 Bh6 15. Bf2 Qg5 16. Bxd7 Bxd7 17. Rad1 Bh3 18. Bg3 Bd7 19. f4 Qh5 20. fxe5 dxe5 21. Nf3 Rae8 22. Bf2 f5 23. Bxc5 bxc5 24. Qe2 f4 25. h3 g5 26. Nh2 Qg6 27. Nb5 Rc8 28. Na7 Rb8 29. Nb5 Rb7 30. Qd3 Bg7 31. Rd2 h5 32. Kf2 Rfb8 33. Rc1 g4 34. hxg4 hxg4 35. Nf1 Qh5 36. Rcc2 Bh6 37. Ke1 g3 38. Nxg3 Qh4 39. Rc3 fxg3 40. Qxg3+ Qxg3+ 41. Rxg3+ Kh7 42. Rc2 Bf4 43. Rf3 Bxb5 44. cxb5 Rxb5 45. g3 Bg5 46. Rf7+ Kg6 47. Rxc7 Be3 48. Ra7 Rxb2 49. Rxb2 Rxb2 50. Rxa4 Kg5 51. Ra8 Kg4 52. a4 Kf3 53. Rf8+ Kxe4 54. d6 Kd3 55. Kf1 Rb7 56. Rc8 Rd7 57. Rc6 c4 58. a5 c3 59. a6 c2 60. Rc7 Rxc7 61. dxc7 c1R+ 0-1

[Event "POL-chT Region 0607"]
[Site "Poland"]
[Date "2007.03.04"]
[Round "9"]
[White "Bassa, Jaroslaw"]
[Black "Kadukowski, Pawel"]
[Result "1-0"]
[WhiteElo "2000"]
[BlackElo "1800"]
[PlyCount "67"]
[EventDate "2006.11.12"]
[EventType "team-tourn"]
[EventRounds "11"]
[EventCountry "POL"]
[SourceTitle "EXT 2008"]
[Source "ChessBase"]
[SourceDate "2007.11.25"]
[SourceVersion "1"]
[SourceVersionDate "2007.11.25"]
[SourceQuality "1"]

1. d4 Nf6 2. c4 c5 3. d5 e6 4. dxe6 fxe6 5. Nf3 d5 6. e3 Nc6 7. Be2 Be7 8. 0-0 0-0 9. Qc2 Qb6 10. a3 a5 11. Nc3 d4 12. Na4 Qc7 13. Qb3 Nd7 14. exd4 cxd4 15. Bg5 Rxf3 16. Bxf3 Bxg5 17. c5 Nf8 18. Nb6 Rb8 19. Bg4 Kh8 20. Nxc8 Qxc8 21. Rfe1 Nd8 22. Qg3 Bf6 23. b4 b6 24. Rac1 Qb7 25. Bf3 Qa7 26. Be4 bxc5 27. bxc5 Rc8 28. c6 Qc7 29. Qf3 Ng6 30. Bxg6 hxg6 31. h3 Qd6 32. Qe4 Nxc6 33. Qxe6 Rd8 34. Rxc6 1-0

[Event "POL-chT Region 0607"]
[Site "Poland"]
[Date "2006.12.10"]
[Round "4"]
[White "Gdula, Krzysztof"]
[Black "Kadukowski, Pawel"]
[Result "0-1"]
[WhiteElo "1800"]
[BlackElo "1800"]
[PlyCount "84"]
[EventDate "2006.11.12"]
[EventType "team-tourn"]
[EventRounds "11"]
[EventCountry "POL"]
[SourceTitle "EXT 2008"]
[Source "ChessBase"]
[SourceDate "2007.11.25"]
[SourceVersion "1"]
[SourceVersionDate "2007.11.25"]
[SourceQuality "1"]

1. e4 e6 2. d3 d5 3. Nf3 dxe4 4. Ng5 exd3 5. Bxd3 Nf6 6. 0-0 h6 7. Nf3 Bd6 8. Re1 Nc6 9. Nc3 Nb4 10. Bc4 c6 11. a3 Nbd5 12. Qd4 Nxc3 13. Qxc3 0-0 14. h3 Nd5 15. Bxd5 exd5 16. Be3 Bf5 17. Bd4 f6 18. Nh4 Be4 19. Nf3 Bxf3 20. Qxf3 Qd7 21. Re3 Be5 22. c3 Bxd4 23. cxd4 Rae8 24. Rae1 Rxe3 25. Qxe3 Kf7 26. Qf3 Re8 27. Re3 Rxe3 28. fxe3 Qe6 29. Kf2 Qe4 30. Qe2 g6 31. Qd2 g5 32. Qc3 a6 33. Qc5 Qe7 34. Qb6 Kg6 35. Qb3 h5 36. Qb6 h4 37. Qa7 Qc7 38. Qa8 Qg3+ 39. Kf1 Qxe3 40. Qg8+ Kf5 41. Qc8+ Ke4 42. Qxb7 Qxd4 0-1

[Event "POL-chT Region 0607"]
[Site "Poland"]
[Date "2006.11.12"]
[Round "1"]
[White "Kadukowski, Pawel"]
[Black "Strzemkowski, Wlodzimierz"]
[Result "1/2-1/2"]
[WhiteElo "1800"]
[BlackElo "2200"]
[PlyCount "27"]
[EventDate "2006.11.12"]
[EventType "team-tourn"]
[EventRounds "11"]
[EventCountry "POL"]
[SourceTitle "EXT 2008"]
[Source "ChessBase"]
[SourceDate "2007.11.25"]
[SourceVersion "1"]
[SourceVersionDate "2007.11.25"]
[SourceQuality "1"]

1. Nf3 d5 2. d4 Nf6 3. Bf4 c6 4. Nbd2 Bf5 5. c3 e6 6. Nh4 Bg6 7. Nxg6 hxg6 8. h3 Nbd7 9. e3 Be7 10. Bd3 Nh5 11. Be5 Nhf6 12. Bf4 Nh5 13. Be5 Nhf6 14. Bf4 1/2-1/2